[Event "Titled Tuesday intern op 16th Apr Late"]
[Site "Chess.com INT"]
[Date "2024.04.16"]
[Round "2"]
[White "Dobrikov, Marco"]
[Black "Indjic, Aleksandar"]
[Result "1-0"]
[WhiteElo "2364"]
[BlackElo "2600"]
[PlyCount "85"]
[EventDate "2024.04.16"]
[EventType "swiss (blitz)"]
[EventRounds "11"]
[EventCountry "USA"]
[SourceTitle "CB17_2024"]
[SourceDate "2024.04.24"]
[SourceVersion "1"]
[SourceVersionDate "2024.04.24"]
[SourceQuality "1"]

1. d4 Nf6 2. c4 c5 3. d5 e6 4. Nc3 exd5 5. cxd5 d6 6. e4 g6 7. Nf3 a6 8. a4 Bg4 9. Be2 Bxf3 10. Bxf3 Nbd7 11. 0-0 Bg7 12. Be2 0-0 13. f4 Re8 14. Bf3 c4 15. Be3 b5 16. axb5 axb5 17. e5 Rxa1 18. Qxa1 dxe5 19. Nxb5 Qb8 20. Qa6 exf4 21. Bd4 Ne4 22. Bxg7 Kxg7 23. Bxe4 Rxe4 24. Nd6 Rd4 25. Qc6 Ne5 26. Ne8+ Kh6 27. Qc5 Qxb2 28. Qf8+ Kh5 29. Nf6+ Kg5 30. Qe7 Kf5 31. g4+ Nxg4 32. Nxg4 Kxg4 33. Qd7+ f5 34. Qxh7 g5 35. Qh6 f3 36. h3+ Kf4 37. Qd6+ Ke3 38. Qe5+ Kd3 39. Rxf3+ Kc2 40. Rf2+ Kc1 41. Rxb2 Rd1+ 42. Kf2 Rd3 43. Re2 1-0

[Event "Titled Tuesday intern op 02nd Apr Early"]
[Site "Chess.com INT"]
[Date "2024.04.02"]
[Round "5"]
[White "Indjic, Aleksandar"]
[Black "Vaz, Ethan"]
[Result "1/2-1/2"]
[WhiteElo "2600"]
[BlackElo "2411"]
[PlyCount "139"]
[EventDate "2024.04.02"]
[EventType "swiss (blitz)"]
[EventRounds "11"]
[EventCountry "USA"]
[SourceTitle "CB15_2024"]
[SourceDate "2024.04.10"]
[SourceVersion "1"]
[SourceVersionDate "2024.04.10"]
[SourceQuality "1"]

1. d4 Nf6 2. c4 e6 3. Nc3 d5 4. Nf3 Bb4 5. Bg5 h6 6. Bxf6 Qxf6 7. e3 0-0 8. Rc1 c5 9. dxc5 dxc4 10. a3 Bxc5 11. Ne4 Qe7 12. Nxc5 Qxc5 13. Rxc4 Qe7 14. Qc1 Nc6 15. Be2 e5 16. 0-0 Be6 17. Rc5 Rac8 18. b4 e4 19. Nd2 f5 20. Qc3 Nb8 21. Rc1 Rxc5 22. Qxc5 Qxc5 23. Rxc5 Rd8 24. Nc4 Na6 25. Re5 Kf7 26. f4 exf3 27. gxf3 Kf6 28. f4 Nc7 29. Rc5 Nd5 30. Kf2 b6 31. Rc6 Ne7 32. Rc7 Rc8 33. Rxc8 Nxc8 34. Ne5 Nd6 35. Nc6 Ne4+ 36. Ke1 Nc3 37. Bd3 Bd7 38. Nxa7 Nd5 39. Kd2 Nc7 40. b5 Ke6 41. a4 Kd6 42. Kc3 Kc5 43. e4 fxe4 44. Bxe4 Ne6 45. f5 Nd4 46. h4 Bxf5 47. Bxf5 Nxf5 48. Nc6 Nxh4 49. Nb8 Kd6 50. Kd3 Nf5 51. Nc6 g5 52. a5 bxa5 53. Nxa5 Kc5 54. Ke4 Nd6+ 55. Kf3 Kxb5 56. Nb3 Kc4 57. Nc1 h5 58. Ne2 Kd5 59. Ng3 h4 60. Nf1 Ke5 61. Kg4 Kf6 62. Ne3 Kg6 63. Nd5 Nf7 64. Ne7+ Kf6 65. Nd5+ Ke6 66. Ne3 Ke5 67. Ng2 Kf6 68. Nxh4 Ne5+ 69. Kh3 gxh4 70. Kxh4 1/2-1/2

[Event "Titled Tuesday intern op 06th Feb Late"]
[Site "Chess.com INT"]
[Date "2024.02.06"]
[Round "8"]
[White "Indjic, Aleksandar"]
[Black "Seemann, Jakub"]
[Result "0-1"]
[WhiteElo "2595"]
[BlackElo "2439"]
[PlyCount "54"]
[EventDate "2024.02.06"]
[EventType "swiss (blitz)"]
[EventRounds "11"]
[EventCountry "USA"]
[SourceTitle "CB07_2024"]
[SourceDate "2024.02.14"]
[SourceVersion "1"]
[SourceVersionDate "2024.02.14"]
[SourceQuality "1"]

1. e4 c5 2. Nc3 d6 3. Bc4 Nc6 4. a3 Nf6 5. d3 e6 6. Ba2 Be7 7. f4 0-0 8. Nf3 d5 9. 0-0 b6 10. e5 Nd7 11. Ne2 f6 12. d4 fxe5 13. dxe5 Ba6 14. Re1 Rc8 15. Ng3 g6 16. c3 Kh8 17. b4 cxb4 18. axb4 Bb5 19. Ne2 Bxe2 20. Rxe2 b5 21. Bb1 Nb6 22. h4 d4 23. cxd4 Nxd4 24. Qxd4 Rxc1+ 25. Kh2 Qxd4 26. Nxd4 Rxf4 27. Nb3 Rxh4+ 0-1

[Event "Chessable Masters Play In"]
[Site "Chess.com INT"]
[Date "2024.01.31"]
[Round "1"]
[White "Indjic, Aleksandar"]
[Black "Gledura, Benjamin"]
[Result "1-0"]
[WhiteElo "2595"]
[BlackElo "2633"]
[PlyCount "103"]
[EventDate "2024.01.31"]
[EventType "swiss (rapid)"]
[EventRounds "9"]
[EventCountry "USA"]
[SourceTitle "CB06_2024"]
[SourceDate "2024.02.07"]
[SourceVersion "1"]
[SourceVersionDate "2024.02.07"]
[SourceQuality "1"]

1. c4 c5 2. Nf3 Nc6 3. d4 cxd4 4. Nxd4 Nf6 5. Nc3 e6 6. g3 Qb6 7. Ndb5 a6 8. Nd6+ Bxd6 9. Qxd6 Qd4 10. Bf4 e5 11. Qxd4 Nxd4 12. Bxe5 Nc2+ 13. Kd2 Nxa1 14. Bxf6 gxf6 15. Bg2 d6 16. Nd5 0-0 17. Nxf6+ Kg7 18. Nh5+ Kh6 19. Nf4 Be6 20. Rxa1 Bxc4 21. b3 Bb5 22. Bxb7 Rab8 23. Bd5 Rbc8 24. h4 Bc6 25. Bc4 Bb5 26. Bd5 Bc6 27. g4 Kg7 28. e4 a5 29. f3 Bxd5 30. Nxd5 Rc5 31. Rd1 Rfc8 32. Ke3 Rc2 33. Ne7 R8c3+ 34. Kf4 f6 35. Nf5+ Kf7 36. Nxd6+ Kf8 37. Nb5 Rc5 38. Nd4 Rc1 39. Rd2 Kf7 40. Nf5 Rc7 41. Rd8 R1c2 42. a4 R2c3 43. Rh8 Rd7 44. Rxh7+ Ke6 45. Ng7+ Kf7 46. Nh5+ Ke6 47. Rxd7 Kxd7 48. Nxf6+ Ke6 49. e5 Rxb3 50. h5 Rb4+ 51. Kg5 Rxa4 52. h6 1-0

[Event "Titled Tuesday intern op 16th Jan Late"]
[Site "Chess.com INT"]
[Date "2024.01.16"]
[Round "9"]
[White "Indjic, Aleksandar"]
[Black "Willy, Stephen"]
[Result "1-0"]
[WhiteElo "2595"]
[BlackElo "1946"]
[PlyCount "101"]
[EventDate "2024.01.16"]
[EventType "swiss (blitz)"]
[EventRounds "11"]
[EventCountry "USA"]
[SourceTitle "CB04_2024"]
[SourceDate "2023.10.16"]
[SourceVersion "1"]
[SourceVersionDate "2023.10.16"]
[SourceQuality "1"]

1. d4 Nf6 2. c4 d5 3. cxd5 Nxd5 4. e4 Nf6 5. Nc3 e5 6. Nf3 exd4 7. Nxd4 Bc5 8. Ndb5 Qxd1+ 9. Kxd1 Na6 10. f3 Be6 11. Bf4 0-0-0+ 12. Kc1 Rd7 13. Be2 Rhd8 14. Rd1 Nb4 15. Rxd7 Rxd7 16. a3 Nc6 17. Na4 Bg1 18. Kc2 Bd4 19. Rd1 a6 20. Nbc3 b5 21. Nxb5 axb5 22. Bxb5 Be5 23. Bxc6 Rxd1 24. Bxe5 Rg1 25. Nc5 Rxg2+ 26. Kc3 Nd7 27. Nxd7 Bxd7 28. Bd5 f6 29. Bg3 h5 30. f4 g5 31. e5 gxf4 32. Bxg2 fxg3 33. exf6 Be6 34. hxg3 Kd8 35. a4 Ke8 36. a5 Bc8 37. Kd4 Kf7 38. Ke5 Ba6 39. Bc6 Be2 40. b4 Ba6 41. b5 Bc8 42. a6 h4 43. gxh4 Bg4 44. a7 Bd7 45. a8Q Bxc6 46. Qxc6 Kg6 47. f7+ Kh7 48. Qxc7 Kh6 49. f8Q+ Kg6 50. Qcg7+ Kh5 51. Qfh8# 1-0

[Event "Titled Tuesday intern op 09th Jan Early"]
[Site "Chess.com INT"]
[Date "2024.01.09"]
[Round "1"]
[White "Indjic, Aleksandar"]
[Black "Hrebenshchykova, Yelyzaveta"]
[Result "1-0"]
[WhiteElo "2595"]
[BlackElo "2275"]
[PlyCount "89"]
[EventDate "2024.01.09"]
[EventType "swiss (blitz)"]
[EventRounds "11"]
[EventCountry "USA"]
[SourceTitle "CB03_2024"]
[SourceDate "2024.01.17"]
[SourceVersion "1"]
[SourceVersionDate "2024.01.17"]
[SourceQuality "1"]

1. Nf3 Nf6 2. c4 e6 3. Nc3 d5 4. e3 c5 5. cxd5 exd5 6. d4 a6 7. g3 Nc6 8. Bg2 c4 9. b3 cxb3 10. Qxb3 Be7 11. 0-0 0-0 12. Ne5 Na5 13. Qb1 Be6 14. Bd2 Rc8 15. a4 Rc7 16. Nxd5 Bxd5 17. Bxa5 Bxg2 18. Bxc7 Qd5 19. Re1 Bh3 20. f3 Nd7 21. Qa2 Qxa2 22. Rxa2 Rc8 23. Nxd7 Rxc7 24. Nb6 Be6 25. d5 Bf5 26. a5 g5 27. e4 Bg6 28. Kg2 f6 29. Ree2 h5 30. Rac2 Bc5 31. Na4 Bd6 32. Rxc7 Bxc7 33. Nb6 g4 34. f4 Kg7 35. e5 fxe5 36. fxe5 Bd3 37. Re3 Bxb6 38. axb6 Bc4 39. d6 Be6 40. Rc3 Kg6 41. Rc7 Kf5 42. d7 Bxd7 43. Rxd7 Kxe5 44. Rxb7 a5 45. Rc7 1-0

[Event "Wch Blitz"]
[Site "Samarkand"]
[Date "2023.12.30"]
[Round "17"]
[White "Aronian, Levon"]
[Black "Indjic, Aleksandar"]
[Result "0-1"]
[WhiteElo "2723"]
[BlackElo "2589"]
[PlyCount "98"]
[EventDate "2023.12.29"]
[EventType "swiss (blitz)"]
[EventRounds "21"]
[EventCountry "UZB"]
[SourceTitle "CB01_2024"]
[SourceDate "2024.01.03"]
[SourceVersion "1"]
[SourceVersionDate "2024.01.03"]
[SourceQuality "1"]

1. e4 c5 2. Nf3 d6 3. c3 Nf6 4. Be2 g6 5. 0-0 Bg7 6. d3 0-0 7. Be3 e5 8. Nbd2 Nc6 9. a3 b6 10. b4 h6 11. h3 Re8 12. b5 Na5 13. c4 Nh5 14. Re1 Nf4 15. Bf1 Ne6 16. Nb1 f5 17. Nc3 f4 18. Bd2 g5 19. Be2 Rf8 20. Nd5 Nb7 21. Nh2 Nd4 22. Bh5 Be6 23. a4 Na5 24. Rb1 Rb8 25. Nf3 Nb7 26. Ra1 Na5 27. Ra3 Rb7 28. Nxd4 exd4 29. Bg4 Bf7 30. h4 Be5 31. Bf5 Bxd5 32. cxd5 Kg7 33. Qg4 Kf6 34. Kf1 Rg7 35. Ke2 h5 36. hxg5+ Rxg5 37. Qh4 Kg7 38. Rh1 c4 39. Bxa5 bxa5 40. dxc4 d3+ 41. Rxd3 Re8 42. Kf3 Qf6 43. c5 dxc5 44. d6 c4 45. d7 Rd8 46. Rd5 Bc7 47. g3 fxg3 48. Kg2 gxf2+ 49. Kh3 Qc3+ 0-1